|
|
|
|
| LEADER |
00000cam a2200000 a 4500 |
| 001 |
vtls009524113 |
| 003 |
SK-MaSNL |
| 005 |
20260301024828.0 |
| 008 |
240313s2008 xo o g 000 0 slo |
| 015 |
|
|
|a SNBA2009/05-02652
|
| 020 |
|
|
|a 9788096986736
|q (brož.)
|
| 035 |
|
|
|a ABC143E3-55AE-40F2-8848-C9D3AB3E2548
|
| 035 |
|
|
|a urn:nbn:sk:snk-amk8my
|
| 035 |
|
|
|a urn:nbn:sk:snk-am0088qc
|
| 040 |
|
|
|a SNK
|b slo
|c SNK
|e AACR2
|
| 041 |
0 |
|
|a slo
|
| 043 |
|
|
|a e-xo---
|
| 044 |
|
|
|a xo
|c SK
|
| 072 |
|
7 |
|a 27
|x Kresťanstvo. Kresťanská cirkev všeobecne. Ekleziológia
|2 konspekt
|
| 080 |
|
|
|a 94(437.6)
|2 2001
|
| 080 |
|
|
|a 272-774
|2 2001
|
| 100 |
1 |
|
|a Michalov, Peter
|4 aut
|9 319550
|
| 245 |
1 |
0 |
|a Dejiny farnosti Bošany
|c Peter Michalov
|
| 250 |
|
|
|a [1. vyd.]
|
| 260 |
|
|
|a Nitra
|b Publica
|c 2008
|
| 300 |
|
|
|a 100 s.
|b fotogr. (čiast. fareb.)
|c 21 cm
|
| 504 |
|
|
|a Bibliogr. s. 74-76. Bibliogr. odkazy
|
| 610 |
2 |
7 |
|a Rímskokatolícka cirkev
|b Farnosť (Bošany, Slovensko)
|2 SNKKA
|9 319551
|
| 650 |
0 |
7 |
|a katolícke farnosti
|2 SNK
|9 3771
|
| 650 |
0 |
7 |
|a Catholic parishes
|2 SNK
|9 319552
|
| 650 |
0 |
7 |
|a dejiny miest
|2 SNKPH
|9 164833
|
| 650 |
0 |
7 |
|a History
|2 SNKPHeng
|9 265139
|
| 651 |
|
7 |
|a Bošany (Slovensko)
|2 SNK
|9 78964
|
| 651 |
|
7 |
|a Bošany (Slovakia)
|2 SNK
|9 319553
|
| 655 |
|
7 |
|a monografie
|2 SNKPH
|9 70139
|
| 655 |
|
7 |
|a Monographs
|2 SNKPHeng
|9 120675
|
| 919 |
|
|
|a 978-80-969867-3-6
|
| 958 |
|
|
|a OND
|
| 958 |
|
|
|a NT
|
| 958 |
|
|
|a NB
|
| 968 |
|
|
|d 2
|
| 999 |
|
|
|c 571921
|d 573851
|
| 952 |
|
|
|a SNK
|b SNK
|y VYP
|7 0
|p 17A0623368
|o snkSC 136018 D1
|i snk2009/10448
|8 0
|0 0
|1 0
|4 0
|d 2009-06-10
|l 0
|r 2026-02-23 14:20:00
|w 2026-02-23
|
| 952 |
|
|
|a SNK
|b SNK
|y PREZ
|7 0
|p 17A0623367
|o snkSC 136018
|i snk2009/10446
|8 0
|0 0
|1 0
|4 0
|d 2009-06-10
|l 0
|r 2025-07-02 00:00:00
|w 2026-02-23
|